|
|
|
|
| LEADER |
00000nab a2200000ua 4500 |
| 001 |
vtls010802025 |
| 003 |
SK-MaSNL |
| 005 |
20260303135046.0 |
| 008 |
230218s2010 xo |||||||||||||||||slo| |
| 035 |
|
|
|a (urnnbn)urn:nbn:sk:snk:ar-a060bt
|
| 035 |
|
|
|a (uuid)82eb4d33-3afc-4d21-98ed-1081e33f44b4
|
| 035 |
|
|
|a urn:nbn:sk:snk-ab4w12
|
| 040 |
|
|
|a SNKBUCL
|b slo
|c SNKBUCL
|e AACR2
|
| 041 |
0 |
|
|a slo
|
| 044 |
|
|
|a xo
|c SK
|
| 100 |
1 |
|
|a Nogeová, Adriana,
|d 1965-
|4 aut
|9 73911
|
| 245 |
1 |
0 |
|a Mykoplazmové infekcie u detí
|c Adriana Nogeová, Zuzana Seligová
|
| 700 |
1 |
|
|a Seligová, Zuzana
|4 aut
|9 1130367
|
| 773 |
0 |
|
|t Detský lekár : časopis Slovenskej pediatrickej spoločnosti
|g Roč. 17, č. 1 (2010), s. 11-14
|
| 954 |
|
|
|a odborná, vedecká literatúra pôvodná (slovenská)
|2 lita
|
| 958 |
|
|
|a OND
|
| 958 |
|
|
|a EUIPO
|
| 958 |
|
|
|a article3
|
| 999 |
|
|
|c 1963413
|d 1965343
|